Normal view
MARC view
Entry Topical Term
001 - CONTROL NUMBER
- control field: 251402
003 - CONTROL NUMBER IDENTIFIER
- control field: OSt
005 - DATE AND TIME OF LATEST TRANSACTION
- control field: 20260116104456.0
008 - FIXED-LENGTH DATA ELEMENTS
- fixed length control field: 260116|| aca||aabn | a|a d
040 ## - CATALOGING SOURCE
- Original cataloging agency: OSt
- Transcribing agency: OSt
150 ## - HEADING--TOPICAL TERM
- Topical term or geographic name entry element: Output primitives
670 ## - SOURCE DATA FOUND
- Source citation: Work cat.: (OSt)186093: Mukhopadhyay, Anirban. 251400, Introduction to computer graphics /, 2003.